| 000 | 00793nam a2200205Ia 4500 | ||
|---|---|---|---|
| 003 | GCL | ||
| 008 | 140319s9999 xx 000 0 ara d | ||
| 020 | _a2005377977 | ||
| 040 |
_aGCL / _cGCL |
||
| 082 | 0 | 4 |
_a371.358 _bس ت |
| 100 | 1 | _aهانى مهدى الجمل | |
| 245 | 1 | 0 |
_aالتعلم عبر الانترنت : _bدليل التعليم والتعلم باستخدام التكنولوجيا الحديثة / _cهانى مهدى الجمل |
| 250 | _aالاولى | ||
| 260 |
_aالقاهرة : _bمجموعة النيل العربية ، _c2004 |
||
| 300 |
_a284 ص ؛ _c24 سم |
||
| 650 | 0 | 4 | _aالتكنولوجيا - خدمات المعلومات |
| 650 | 0 | 4 | _aالتكنولوجيا - برامج الحاسبات |
| 650 | 0 | 4 | _aالتعليم عن بعد |
| 942 |
_2ddc _cBK |
||
| 999 |
_c8330 _d8330 |
||